[Event "Tata Steel India Blitz"]
[Site "Kolkata IND"]
[Date "2019.11.25"]
[Round "7"]
[White "Ding, Liren"]
[Black "Nepomniachtchi, Ian"]
[Result "1/2-1/2"]
[WhiteElo "2801"]
[BlackElo "2773"]
[PlyCount "104"]
[EventDate "2019.11.25"]

1. Nf3 c5 2. c4 Nc6 3. Nc3 g6 4. e3 Nf6 5. d4 cxd4 6. exd4 d5 7. cxd5 Nxd5 8.
Qb3 e6 9. Bb5 Bg7 10. O-O O-O 11. Bxc6 bxc6 12. Re1 Qc7 13. h3 Rb8 14. Qd1 Ne7
15. Ne5 c5 16. Bf4 cxd4 17. Nxg6 e5 18. Nxe5 dxc3 19. Ng6 cxb2 20. Rb1 Nxg6 21.
Bxc7 Rb7 22. Bd6 Rd8 23. Qc2 Be6 24. Ba3 Rdb8 25. Rxe6 fxe6 26. Qe4 Rb6 27. Bc5
Ra6 28. Bd4 Bxd4 29. Qxd4 Rxa2 30. Kh2 Kf7 31. Qc4 Ra1 32. Qc7+ Ne7 33. Qf4+
Kg6 34. Qxb8 Rxb1 35. Qb3 Kf7 36. Qc2 Rc1 37. Qxb2 Rc5 38. Qd4 Ra5 39. g4 h5
40. Kg3 hxg4 41. hxg4 a6 42. f3 Rd5 43. Qf4+ Kg7 44. Qc7 Kf7 45. f4 a5 46. Kh4
Ke8 47. Qb8+ Kf7 48. Qa7 Ke8 49. g5 Rf5 50. Kh5 Kf7 51. Kh6 Rxf4 52. Kh5 Rf5
1/2-1/2

[Event "Tata Steel India Blitz"]
[Site "Kolkata IND"]
[Date "2019.11.25"]
[Round "8"]
[White "Harikrishna, Pentala"]
[Black "Nepomniachtchi, Ian"]
[Result "1-0"]
[WhiteElo "2731"]
[BlackElo "2773"]
[PlyCount "79"]
[EventDate "2019.11.25"]

1. d4 Nf6 2. Nf3 g6 3. Bg5 Bg7 4. c3 O-O 5. Nbd2 d6 6. e4 c5 7. dxc5 dxc5 8.
Bc4 Qc7 9. O-O Nc6 10. Qe2 h6 11. Bxf6 exf6 12. Nh4 Kh7 13. f4 b6 14. Rad1 Bb7
15. Bd5 Rae8 16. Qf2 Ne7 17. Bxb7 Qxb7 18. e5 fxe5 19. f5 Bf6 20. fxg6+ fxg6
21. Qf3 Qxf3 22. Nhxf3 Bg7 23. Ne4 Rd8 24. a4 g5 25. Nfd2 Rxf1+ 26. Rxf1 Kg6
27. Nc4 h5 28. Kf2 Rf8+ 29. Ke2 Rf4 30. Ncd2 g4 31. Rd1 Rf8 32. Nc4 Rf4 33.
Rd6+ Kf7 34. Ncd2 Ke8 35. a5 bxa5 36. Ra6 Nd5 37. g3 Rf8 38. Rxa7 Bh6 39. Nd6+
Kd8 40. Nf7+ 1-0

[Event "Tata Steel India Blitz"]
[Site "Kolkata IND"]
[Date "2019.11.25"]
[Round "8"]
[White "Aronian, Levon"]
[Black "Ding, Liren"]
[Result "1-0"]
[WhiteElo "2772"]
[BlackElo "2801"]
[PlyCount "65"]
[EventDate "2019.11.25"]

1. e4 e5 2. Nf3 Nc6 3. Bc4 Nf6 4. Ng5 d5 5. exd5 Na5 6. Bb5+ c6 7. dxc6 bxc6 8.
Be2 h6 9. Nh3 Bd6 10. d3 O-O 11. Nc3 Nb7 12. O-O Nc5 13. Kh1 Bf5 14. Ng1 e4 15.
dxe4 Ncxe4 16. Nxe4 Nxe4 17. Be3 Qc7 18. Bd3 Rfe8 19. h3 Rad8 20. Qf3 Bg6 21.
Rad1 c5 22. Bc4 Nf6 23. Bd3 Ne4 24. Bc4 Nf6 25. Qe2 Rb8 26. b3 Ne4 27. Qf3 Rb6
28. Ne2 Be5 29. Nf4 Ng5 30. Qg4 Bxc2 31. Nd5 Qc6 32. Rd2 Be4 33. Bxg5 1-0

[Event "Tata Steel India Blitz"]
[Site "Kolkata IND"]
[Date "2019.11.25"]
[Round "8"]
[White "Anand, Viswanathan"]
[Black "Carlsen, Magnus"]
[Result "0-1"]
[WhiteElo "2757"]
[BlackElo "2870"]
[PlyCount "114"]
[EventDate "2019.11.25"]

1. e4 d5 2. exd5 Qxd5 3. Nc3 Qd6 4. Nf3 Nf6 5. d4 c6 6. Bd3 Bg4 7. Ne4 Nxe4 8.
Bxe4 Nd7 9. c3 Nf6 10. Bc2 Qd5 11. h3 Bxf3 12. Qxf3 Qxf3 13. gxf3 e6 14. Bg5
Nd5 15. Be4 Bd6 16. Ke2 Kd7 17. Be3 g6 18. Rad1 b5 19. Rc1 a5 20. c4 bxc4 21.
Rxc4 Rhb8 22. Rb1 Rb4 23. Rxb4 axb4 24. Ra1 Nxe3 25. fxe3 Ra5 26. f4 c5 27.
dxc5 Bxc5 28. a3 bxa3 29. bxa3 Bxa3 30. Kf3 Ke7 31. Bd3 Kf6 32. Ra2 e5 33. Bc4
exf4 34. exf4 Rc5 35. Rc2 Rc7 36. Bb3 Rd7 37. Rc3 Bb4 38. Rc6+ Kg7 39. Bc4 f5
40. Be2 Ra7 41. Ba6 Kh6 42. Rb6 Bc5 43. Rc6 Bg1 44. Kg2 Bd4 45. Kg3 Re7 46. Rc4
Re3+ 47. Kg2 Bf6 48. Bb7 Bh4 49. Bf3 Rb3 50. Bd1 Rg3+ 51. Kh2 Rd3 52. Ba4 Rd2+
53. Kg1 Bg3 54. Bc6 Kh5 55. Bg2 Kh4 56. Ra4 Bf2+ 57. Kh2 Be3 0-1

[Event "Tata Steel India Blitz"]
[Site "Kolkata IND"]
[Date "2019.11.25"]
[Round "8"]
[White "So, Wesley"]
[Black "Nakamura, Hikaru"]
[Result "1/2-1/2"]
[WhiteElo "2760"]
[BlackElo "2741"]
[PlyCount "36"]
[EventDate "2019.11.25"]

1. d4 Nf6 2. Nf3 d5 3. c4 e6 4. Nc3 Be7 5. Bf4 O-O 6. e3 Nbd7 7. a3 c5 8. cxd5
Nxd5 9. Nxd5 exd5 10. dxc5 Nxc5 11. Be5 Bf5 12. Be2 Bf6 13. O-O Be4 14. Bxf6
Qxf6 15. Nd4 Ne6 16. Rc1 Nxd4 17. Qxd4 Qxd4 18. exd4 Rac8 1/2-1/2

[Event "Tata Steel India Blitz"]
[Site "Kolkata IND"]
[Date "2019.11.25"]
[Round "8"]
[White "Vidit, Santosh Gujrathi"]
[Black "Giri, Anish"]
[Result "1/2-1/2"]
[WhiteElo "2722"]
[BlackElo "2776"]
[PlyCount "110"]
[EventDate "2019.11.25"]

1. d4 Nf6 2. c4 g6 3. Nc3 Bg7 4. g3 O-O 5. Bg2 Nc6 6. Nf3 d5 7. cxd5 Nxd5 8.
O-O Rb8 9. e3 Nxc3 10. bxc3 b6 11. Ba3 Na5 12. Bb4 Ba6 13. Re1 c5 14. dxc5 Qc7
15. cxb6 axb6 16. Nd4 Rfd8 17. Qa4 Bb7 18. Bxb7 Rxb7 19. Rad1 Rc8 20. Qb5 Nc4
21. Qd5 e6 22. Qe4 b5 23. h4 Nb2 24. Rb1 Nc4 25. Red1 h5 26. Nf3 Bf6 27. Rd3
Kg7 28. Ng5 Ra7 29. a3 Qc6 30. Qxc6 Rxc6 31. Ne4 Be7 32. Bxe7 Rxe7 33. Rxb5 Rc8
34. a4 Ra7 35. Rb4 Ne5 36. Rd1 Rca8 37. Ra1 Nc6 38. Rb6 Ne5 39. Ng5 Rxa4 40.
Rxa4 Rxa4 41. Rb7 Kg8 42. f4 Ra1+ 43. Kg2 Ra2+ 44. Kf1 Nc4 45. Rxf7 Nd2+ 46.
Ke2 Ne4+ 47. Kd3 Nxg5 48. Rf6 Nh3 49. Rxg6+ Kf7 50. Rh6 Nf2+ 51. Kc4 Ra5 52.
Kb4 Rf5 53. c4 Ne4 54. Rh7+ Kg6 55. Rd7 Rf8 1/2-1/2

[Event "Tata Steel India Blitz"]
[Site "Kolkata IND"]
[Date "2019.11.25"]
[Round "9"]
[White "Nepomniachtchi, Ian"]
[Black "Aronian, Levon"]
[Result "1-0"]
[WhiteElo "2773"]
[BlackElo "2772"]
[PlyCount "105"]
[EventDate "2019.11.25"]

1. c4 Nf6 2. Nc3 e5 3. Nf3 Nc6 4. e4 Bc5 5. Nxe5 Nxe5 6. d4 Bb4 7. dxe5 Nxe4 8.
Qf3 Nxc3 9. bxc3 Ba5 10. Bf4 O-O 11. O-O-O Rb8 12. Qe3 Qe7 13. Kb2 b5 14. c5 b4
15. c4 b3 16. a3 f6 17. f3 Re8 18. Bd3 Bb7 19. Bf5 Bc6 20. Qd3 fxe5 21. Bxh7+
Kh8 22. Bd2 Bxd2 23. Rxd2 Qxc5 24. Re1 Re6 25. Be4 Rd6 26. Bd5 Bxd5 27. cxd5
Re8 28. Re4 Kg8 29. Rh4 Rf6 30. Qh7+ Kf7 31. Rg4 Rg8 32. Qh5+ g6 33. Qxe5 Re8
34. Qd4 Qxd4+ 35. Rgxd4 Rb6 36. R4d3 Reb8 37. Rc3 R8b7 38. h4 a5 39. Rd4 Kf6
40. Re3 Rb5 41. Rf4+ Kg7 42. Re7+ Kg8 43. Re8+ Kg7 44. Ref8 g5 45. R4f7+ Kg6
46. Rf6+ Kh7 47. R8f7+ Kg8 48. h5 Rb8 49. Rxd7 Re8 50. h6 Re2+ 51. Kc3 Re8 52.
Rg7+ Kh8 53. Rff7 1-0

[Event "Tata Steel India Blitz"]
[Site "Kolkata IND"]
[Date "2019.11.25"]
[Round "9"]
[White "Nakamura, Hikaru"]
[Black "Vidit, Santosh Gujrathi"]
[Result "1/2-1/2"]
[WhiteElo "2741"]
[BlackElo "2722"]
[PlyCount "71"]
[EventDate "2019.11.25"]

1. d4 Nf6 2. Bg5 d5 3. Nc3 c6 4. Qd3 Nbd7 5. e4 dxe4 6. Nxe4 Nxe4 7. Qxe4 h6 8.
Be3 Nf6 9. Qd3 Qa5+ 10. Bd2 Qf5 11. Qb3 Ne4 12. Be3 Qa5+ 13. c3 e6 14. Bd3 Nf6
15. Nf3 Bd6 16. O-O O-O 17. Rae1 Qc7 18. Ne5 c5 19. f4 b6 20. Qc2 Bb7 21. Qe2
Rad8 22. Bc2 cxd4 23. Bxd4 Bc5 24. Bxc5 Qxc5+ 25. Rf2 Rd6 26. Qc4 Rc8 27. Qxc5
Rxc5 28. h3 b5 29. Bb3 a5 30. a3 Ne4 31. Rfe2 Ng3 32. Re3 Nf5 33. R3e2 Ng3 34.
Re3 Nf5 35. R3e2 Ng3 36. Re3 1/2-1/2

[Event "Tata Steel India Blitz"]
[Site "Kolkata IND"]
[Date "2019.11.25"]
[Round "9"]
[White "Carlsen, Magnus"]
[Black "So, Wesley"]
[Result "1/2-1/2"]
[WhiteElo "2870"]
[BlackElo "2760"]
[PlyCount "72"]
[EventDate "2019.11.25"]

1. d4 Nf6 2. c4 e6 3. Nc3 Bb4 4. Nf3 c5 5. g3 cxd4 6. Nxd4 O-O 7. Bg2 d5 8.
cxd5 Nxd5 9. Qb3 Qa5 10. O-O Nxc3 11. a3 Be7 12. Qxc3 Qxc3 13. bxc3 e5 14. Nb5
Nc6 15. Nc7 Rb8 16. Be3 Bg4 17. Nd5 Bd6 18. Rfe1 Rfc8 19. h3 Be6 20. Red1 Bf8
21. Nb4 Na5 22. Bxa7 Ra8 23. Be3 Rxc3 24. Nd5 Bxd5 25. Bxd5 Nc4 26. Bc1 Ra7 27.
a4 b5 28. a5 Rxa5 29. Rxa5 Nxa5 30. Bd2 Ra3 31. Bxa5 Rxa5 32. Rc1 Ra7 33. Rc8
g6 34. Re8 Re7 35. Rb8 Rc7 36. Bb3 b4 1/2-1/2

[Event "Tata Steel India Blitz"]
[Site "Kolkata IND"]
[Date "2019.11.25"]
[Round "9"]
[White "Ding, Liren"]
[Black "Anand, Viswanathan"]
[Result "1/2-1/2"]
[WhiteElo "2801"]
[BlackElo "2757"]
[PlyCount "94"]
[EventDate "2019.11.25"]

1. d4 Nf6 2. c4 e6 3. Nc3 Bb4 4. Qc2 d5 5. cxd5 exd5 6. Bf4 O-O 7. e3 c5 8.
dxc5 Nc6 9. Nf3 Qa5 10. Bd3 Qxc5 11. O-O Bxc3 12. bxc3 Bg4 13. Nd4 Nxd4 14.
cxd4 Qxc2 15. Bxc2 Rfc8 16. Rfc1 Rc6 17. Ba4 Rxc1+ 18. Rxc1 Rc8 19. Rxc8+ Bxc8
20. f3 Bd7 21. Bb3 Bc6 22. g4 Nd7 23. Kf2 Nb6 24. h4 Ba4 25. e4 Bxb3 26. axb3
f6 27. Bc7 Nc8 28. exd5 Kf7 29. Ke3 Ke7 30. h5 Kd7 31. Ba5 b6 32. Bb4 a5 33.
Bf8 g6 34. hxg6 hxg6 35. Kd3 b5 36. Bc5 Ne7 37. Ke4 a4 38. bxa4 bxa4 39. d6 Nc6
40. Kd3 Na5 41. Kc3 Nb7 42. Kb4 Nxd6 43. Kxa4 Nf7 44. Kb5 Ng5 45. f4 Ne6 46. f5
gxf5 47. gxf5 Ng7 1/2-1/2

[Event "Tata Steel India Blitz"]
[Site "Kolkata IND"]
[Date "2019.11.25"]
[Round "9"]
[White "Giri, Anish"]
[Black "Harikrishna, Pentala"]
[Result "1/2-1/2"]
[WhiteElo "2776"]
[BlackElo "2731"]
[PlyCount "53"]
[EventDate "2019.11.25"]

1. c4 Nf6 2. Nf3 e6 3. g3 d5 4. Bg2 Be7 5. d4 O-O 6. O-O dxc4 7. Qc2 a6 8. Qxc4
b5 9. Qc2 Bb7 10. Bd2 Bd6 11. Re1 Be4 12. Qc1 Bb7 13. a3 Nbd7 14. b4 Qc8 15.
Nc3 Ne4 16. Nxe4 Bxe4 17. Bh3 Bxf3 18. exf3 c6 19. f4 Nb6 20. Qc2 g6 21. Bf1
Ra7 22. Rac1 Rc7 23. Qe4 Qd7 24. Rc2 Rfc8 25. Rec1 Be7 26. Be3 Bf6 27. h4
1/2-1/2

[Event "Tata Steel India Blitz"]
[Site "Kolkata IND"]
[Date "2019.11.26"]
[Round "10"]
[White "Ding, Liren"]
[Black "So, Wesley"]
[Result "1/2-1/2"]
[WhiteElo "2801"]
[BlackElo "2760"]
[PlyCount "48"]
[EventDate "2019.11.25"]

1. d4 Nf6 2. c4 e6 3. Nf3 d5 4. Nc3 Be7 5. Bf4 O-O 6. e3 Nbd7 7. c5 Nh5 8. Bd3
Nxf4 9. exf4 b6 10. c6 Nb8 11. Ne5 Bd6 12. a3 Bxe5 13. dxe5 Nxc6 14. Qh5 g6 15.
Qh6 Qe7 16. h4 f5 17. h5 Qg7 18. hxg6 hxg6 19. Qg5 Bd7 20. O-O-O Kf7 21. g4 Rh8
22. Rhg1 Ne7 23. gxf5 exf5 24. Ne2 Rh5 1/2-1/2

[Event "Tata Steel India Blitz"]
[Site "Kolkata IND"]
[Date "2019.11.26"]
[Round "10"]
[White "Harikrishna, Pentala"]
[Black "Aronian, Levon"]
[Result "1/2-1/2"]
[WhiteElo "2731"]
[BlackElo "2772"]
[PlyCount "78"]
[EventDate "2019.11.25"]

1. d4 Nf6 2. c4 e6 3. Nf3 d5 4. g3 Be7 5. Bg2 O-O 6. O-O dxc4 7. Qc2 a6 8. a4
Bd7 9. Qxc4 Bc6 10. Bg5 Nbd7 11. Nc3 a5 12. Rfe1 Bd5 13. Qd3 Bxf3 14. Qxf3 c6
15. e4 Re8 16. Be3 Bb4 17. Red1 Nb6 18. Qe2 Qc7 19. Rac1 Rad8 20. b3 h6 21. Rc2
Qe7 22. h3 Nbd7 23. Na2 e5 24. Nxb4 Qxb4 25. Qc4 Qxc4 26. Rxc4 Nb6 27. Rcc1
exd4 28. Rxd4 Rxd4 29. Bxd4 Nbd7 30. f3 Nh7 31. f4 Nhf8 32. Rd1 Ne6 33. Bxg7
Kxg7 34. Rxd7 Nc5 35. Rc7 Kf8 36. e5 Re7 37. Rc8+ Re8 38. Rc7 Re7 39. Rc8+ Re8
1/2-1/2

[Event "Tata Steel India Blitz"]
[Site "Kolkata IND"]
[Date "2019.11.26"]
[Round "10"]
[White "Nepomniachtchi, Ian"]
[Black "Anand, Viswanathan"]
[Result "1-0"]
[WhiteElo "2773"]
[BlackElo "2757"]
[PlyCount "87"]
[EventDate "2019.11.25"]

1. c4 e5 2. g3 Nf6 3. Bg2 Bc5 4. Nc3 c6 5. e4 d6 6. Nge2 Ng4 7. O-O h5 8. Na4
h4 9. Nxc5 hxg3 10. hxg3 dxc5 11. f3 Nf6 12. d3 Nbd7 13. Be3 Qe7 14. Qd2 Nf8
15. a3 Bh3 16. Bxh3 Rxh3 17. Kg2 Rh8 18. b4 Ne6 19. bxc5 O-O-O 20. Rab1 Nd7 21.
Qa5 Kb8 22. d4 exd4 23. Nxd4 Nxd4 24. Bxd4 Ne5 25. Qc3 f6 26. Rh1 Qe6 27. Bxe5+
fxe5 28. Rbd1 Qe7 29. Qe3 Rxh1 30. Rxh1 a6 31. Rh5 Rd4 32. Qg5 Qxc5 33. Qxe5+
Qxe5 34. Rxe5 Rxc4 35. Re8+ Ka7 36. e5 Rc2+ 37. Kh3 Rc3 38. f4 Rxa3 39. f5 a5
40. Kg4 a4 41. f6 gxf6 42. exf6 Ra1 43. Re4 Rf1 44. Rxa4+ 1-0

[Event "Tata Steel India Blitz"]
[Site "Kolkata IND"]
[Date "2019.11.26"]
[Round "10"]
[White "Nakamura, Hikaru"]
[Black "Giri, Anish"]
[Result "1/2-1/2"]
[WhiteElo "2741"]
[BlackElo "2776"]
[PlyCount "105"]
[EventDate "2019.11.25"]

1. d4 d5 2. c4 c6 3. Nf3 Nf6 4. e3 Bf5 5. Nc3 e6 6. Nh4 Be4 7. f3 Bg6 8. Qb3
Qc7 9. Bd2 Be7 10. Rc1 Nbd7 11. g3 dxc4 12. Bxc4 O-O 13. Nxg6 hxg6 14. O-O e5
15. dxe5 Nxe5 16. Be2 Rad8 17. Rcd1 b5 18. Kg2 a6 19. Qc2 c5 20. e4 b4 21. Na4
Nc6 22. Be3 Qe5 23. Nxc5 Nd4 24. Bxd4 Rxd4 25. Rxd4 Qxd4 26. Nb3 Qe5 27. Bc4 g5
28. Re1 Rd8 29. Nd2 a5 30. Bb3 Qd4 31. Nc4 Rc8 32. e5 Nd5 33. Re4 Qc5 34. Qe2
Rd8 35. e6 f6 36. Nd2 Nb6 37. Nf1 a4 38. Bc2 Qd5 39. Ne3 Qxa2 40. Nf5 Kf8 41.
Rxb4 Nd5 42. Rb7 a3 43. Bb3 Qxb2 44. Qxb2 axb2 45. Bxd5 Rxd5 46. Nxe7 b1=Q 47.
Rxb1 Kxe7 48. Rb6 Rd6 49. Rb7+ Kxe6 50. Rxg7 Rd2+ 51. Kg1 Rd1+ 52. Kg2 Rd2+ 53.
Kg1 1/2-1/2

[Event "Tata Steel India Blitz"]
[Site "Kolkata IND"]
[Date "2019.11.26"]
[Round "11"]
[White "Vidit, Santosh Gujrathi"]
[Black "Ding, Liren"]
[Result "1/2-1/2"]
[WhiteElo "2722"]
[BlackElo "2801"]
[PlyCount "218"]
[EventDate "2019.11.25"]

1. d4 Nf6 2. c4 g6 3. Nc3 Bg7 4. g3 d5 5. cxd5 Nxd5 6. Bg2 Nxc3 7. bxc3 c5 8.
Nf3 Nc6 9. O-O O-O 10. Rb1 cxd4 11. cxd4 Nxd4 12. Nxd4 Qxd4 13. Be3 Qc4 14. Bd5
Qa6 15. Qb3 Qxe2 16. Rfe1 Qa6 17. Bc5 Bf5 18. Rbd1 Bf6 19. Bxb7 Qa5 20. Bb4 Qc7
21. Bxa8 Rxa8 22. Rc1 Qd7 23. Red1 Qb7 24. Bc3 Qxb3 25. axb3 Rb8 26. Bxf6 exf6
27. Rc3 Be6 28. Ra1 Rxb3 29. Rxb3 Bxb3 30. Rxa7 h5 31. Kf1 g5 32. Ke2 Kg7 33.
Ke3 Kg6 34. Rc7 Be6 35. Ke4 Kg7 36. h4 Kg6 37. Rc5 Bg4 38. f4 gxh4 39. gxh4 Kg7
40. Kd4 Kg6 41. Kc3 Bf5 42. Kb4 Be6 43. Kb5 Bf5 44. Kc6 Be4+ 45. Kd6 Bf5 46.
Ke7 Be4 47. Ra5 Bd3 48. Ra3 Be4 49. Ra5 Bd3 50. Kd6 Be4 51. Rc5 Bd3 52. Kd5 Bb1
53. Kd4 Bf5 54. Ra5 Bc2 55. Ke3 Bf5 56. Rb5 Bc2 57. Rc5 Bf5 58. Kd4 Bb1 59. Rc1
Ba2 60. Ke4 Be6 61. Rg1+ Bg4 62. Rg3 Kg7 63. f5 Kf8 64. Kf4 Ke7 65. Rb3 Kf8 66.
Rb6 Ke7 67. Ke4 Bh3 68. Ra6 Bg4 69. Ra7+ Kf8 70. Ra5 Ke7 71. Kd4 Bh3 72. Kc4
Bg4 73. Rc5 Kd6 74. Rd5+ Ke7 75. Kc5 Bh3 76. Kb6 Bg2 77. Rd3 Kf8 78. Kc7 Be4
79. Re3 Bxf5 80. Rf3 Bg4 81. Rxf6 Kg7 82. Rf4 f6 83. Kd6 Kf7 84. Rf2 Bh3 85.
Kd5 Bg4 86. Ke4 Ke7 87. Rb2 Kf7 88. Kf4 Bh3 89. Rb5 Bg4 90. Ke3 Ke7 91. Kd4 Kf7
92. Ra5 Ke7 93. Kd5 Kf7 94. Ra7+ Kf8 95. Kd6 Bh3 96. Re7 Bg4 97. Re3 Kf7 98.
Kd5 Kf8 99. Ke4 Kf7 100. Kf4 Be6 101. Rc3 Bg4 102. Rc5 Kf8 103. Ke4 Kf7 104.
Ra5 Kf8 105. Kd5 Kf7 106. Kd6 Kf8 107. Ra7 Bh3 108. Re7 Bg4 109. Re4 Bh3
1/2-1/2

[Event "Tata Steel India Blitz"]
[Site "Kolkata IND"]
[Date "2019.11.26"]
[Round "11"]
[White "Nakamura, Hikaru"]
[Black "Harikrishna, Pentala"]
[Result "1-0"]
[WhiteElo "2741"]
[BlackElo "2731"]
[PlyCount "71"]
[EventDate "2019.11.25"]

1. e4 e5 2. Nc3 Nf6 3. g3 d5 4. exd5 Nxd5 5. Bg2 Nxc3 6. bxc3 Bd6 7. Nf3 O-O 8.
O-O Nc6 9. Rb1 Rb8 10. d4 exd4 11. cxd4 Bg4 12. h3 Bh5 13. Rb5 Bg6 14. Nh4 Qd7
15. Nxg6 hxg6 16. c4 b6 17. Be3 Rfe8 18. Qd3 Rbd8 19. Rd1 Ne7 20. g4 c6 21. Rb3
Qc7 22. Qd2 c5 23. Rd3 cxd4 24. Rxd4 Bh2+ 25. Kh1 Rxd4 26. Qxd4 Be5 27. Qd7
Qxd7 28. Rxd7 Nc8 29. Bd5 Ne7 30. Rxa7 Nxd5 31. cxd5 Rd8 32. Bxb6 Rxd5 33. a4
Bd4 34. Ra8+ Kh7 35. Rd8 Rxd8 36. Bxd8 1-0

[Event "Tata Steel India Blitz"]
[Site "Kolkata IND"]
[Date "2019.11.26"]
[Round "11"]
[White "Anand, Viswanathan"]
[Black "Aronian, Levon"]
[Result "1/2-1/2"]
[WhiteElo "2757"]
[BlackElo "2772"]
[PlyCount "66"]
[EventDate "2019.11.25"]

1. e4 e5 2. Nf3 Nc6 3. Bb5 Nf6 4. d3 Bc5 5. Bxc6 dxc6 6. Nbd2 Nd7 7. c3 O-O 8.
O-O Re8 9. Nc4 Bf8 10. Be3 a5 11. Qc2 a4 12. d4 exd4 13. cxd4 Nb6 14. Ncd2 h6
15. Ne5 Bb4 16. f3 Be6 17. Nd3 Bxd2 18. Qxd2 Nc4 19. Qe2 Nxe3 20. Qxe3 Bc4 21.
Rfc1 Bxd3 22. Qxd3 Ra5 23. Rc4 Qd6 24. Qc3 Rh5 25. g3 Ra8 26. e5 Qe6 27. Re1 f5
28. Qc2 f4 29. g4 Rh4 30. Rxa4 Rxg4+ 31. fxg4 Qxg4+ 32. Kh1 Qf3+ 33. Kg1 Qg4+
1/2-1/2

[Event "Tata Steel India Blitz"]
[Site "Kolkata IND"]
[Date "2019.11.26"]
[Round "11"]
[White "Giri, Anish"]
[Black "Carlsen, Magnus"]
[Result "1/2-1/2"]
[WhiteElo "2776"]
[BlackElo "2870"]
[PlyCount "58"]
[EventDate "2019.11.25"]

1. d4 d5 2. c4 c6 3. Nf3 Nf6 4. Nc3 e6 5. e3 Nbd7 6. Qc2 Bd6 7. Bd3 dxc4 8.
Bxc4 b5 9. Bd3 Bb7 10. O-O a6 11. a4 O-O 12. e4 e5 13. dxe5 Nxe5 14. Nxe5 Bxe5
15. h3 b4 16. Ne2 c5 17. f3 Rc8 18. Bc4 Nd7 19. Rd1 Qe7 20. a5 Bb8 21. Bf4 Ne5
22. Rd2 Qf6 23. Bg3 h5 24. Rad1 h4 25. Bh2 Nxc4 26. Qxc4 Bxh2+ 27. Kxh2 Bc6 28.
Qxa6 c4 29. Kh1 c3 1/2-1/2

[Event "Tata Steel India Blitz"]
[Site "Kolkata IND"]
[Date "2019.11.26"]
[Round "11"]
[White "So, Wesley"]
[Black "Nepomniachtchi, Ian"]
[Result "1/2-1/2"]
[WhiteElo "2760"]
[BlackElo "2773"]
[PlyCount "27"]
[EventDate "2019.11.25"]

1. d4 Nf6 2. c4 g6 3. Nc3 d5 4. cxd5 Nxd5 5. e4 Nxc3 6. bxc3 Bg7 7. Nf3 c5 8.
Rb1 O-O 9. Be2 Bg4 10. Rxb7 Bxf3 11. Bxf3 cxd4 12. cxd4 Bxd4 13. O-O Nc6 14.
Qa4 1/2-1/2

[Event "Tata Steel India Blitz"]
[Site "Kolkata IND"]
[Date "2019.11.26"]
[Round "12"]
[White "Nepomniachtchi, Ian"]
[Black "Vidit, Santosh Gujrathi"]
[Result "1/2-1/2"]
[WhiteElo "2773"]
[BlackElo "2722"]
[PlyCount "165"]
[EventDate "2019.11.25"]

1. e4 e5 2. Nf3 Nc6 3. Bc4 Bc5 4. d3 Nf6 5. Nc3 h6 6. h3 d6 7. Na4 a6 8. Nxc5
dxc5 9. a4 b6 10. O-O O-O 11. Nh4 Be6 12. Bxe6 fxe6 13. Nf3 Qd6 14. b3 Nd7 15.
Nd2 b5 16. Bb2 Nb6 17. axb5 axb5 18. Qh5 Nd7 19. Nf3 Nd4 20. Bxd4 cxd4 21. Nh2
Nf6 22. Qe2 c5 23. Rxa8 Rxa8 24. f4 Rf8 25. f5 exf5 26. Rxf5 g6 27. Rf1 Nh5 28.
Qg4 Nf4 29. Qd1 Kg7 30. Qd2 Qe7 31. Nf3 Nh5 32. Qa5 b4 33. Qb6 Rf6 34. Qb8 Nf4
35. Ra1 Rf7 36. Ra8 Rf8 37. Qxf8+ Qxf8 38. Rxf8 Kxf8 39. Kf2 Ke7 40. Nxe5 Ke6
41. Nc4 g5 42. Kf3 Nh5 43. Nd2 Nf6 44. Nf1 Nd7 45. Nh2 Ne5+ 46. Kg3 Ng6 47. Kg4
Nf4 48. g3 Ne2 49. Nf3 Kf6 50. h4 gxh4 51. gxh4 Nc3 52. e5+ Kg6 53. h5+ Kf7 54.
Kf5 Nd5 55. e6+ Ke7 56. Ke5 Ne3 57. Nh4 Ng4+ 58. Kd5 Ne3+ 59. Kxc5 Kxe6 60.
Kxd4 Nxc2+ 61. Kc4 Ke5 62. Ng6+ Kf6 63. d4 Kg5 64. d5 Ne3+ 65. Kc5 Ng4 66. d6
Nf6 67. Ne5 Kxh5 68. d7 Nxd7+ 69. Nxd7 Kg5 70. Ne5 h5 71. Kd4 Kf4 72. Kd5 Kf5
73. Nd3 h4 74. Kd4 h3 75. Ke3 h2 76. Nf2 Ke6 77. Ke4 Kd6 78. Kd4 Ke6 79. Ke4
Kd6 80. Nh1 Ke6 81. Ng3 Kd6 82. Nh1 Ke6 83. Nf2 1/2-1/2

[Event "Tata Steel India Blitz"]
[Site "Kolkata IND"]
[Date "2019.11.26"]
[Round "12"]
[White "Aronian, Levon"]
[Black "So, Wesley"]
[Result "0-1"]
[WhiteElo "2772"]
[BlackElo "2760"]
[PlyCount "102"]
[EventDate "2019.11.25"]

1. c4 e5 2. Nc3 Nf6 3. Nf3 Nc6 4. g3 d5 5. cxd5 Nxd5 6. Bg2 Bc5 7. O-O O-O 8.
d3 Re8 9. Bd2 Nxc3 10. bxc3 Bb6 11. Qc2 Bf5 12. Nh4 Bg4 13. Rae1 Qd7 14. Kh1
Rad8 15. Bg5 f6 16. Be3 Bh3 17. Rg1 Bxg2+ 18. Rxg2 Bxe3 19. fxe3 e4 20. dxe4
Qe6 21. Nf3 Kh8 22. Rb1 b6 23. Nd4 Qc4 24. g4 h6 25. h4 Ne5 26. g5 fxg5 27.
hxg5 h5 28. g6 c5 29. Rg5 Kg8 30. Nf5 Ng4 31. Rxh5 Nf6 32. Rh4 Rxe4 33. Rxe4
Nxe4 34. Qb3 Qxb3 35. axb3 Nxc3 36. Ne7+ Kf8 37. Nc6 Nxb1 38. Nxd8 Nd2 39. Kg2
Nxb3 40. Kf3 a5 41. Ne6+ Ke7 42. Nxg7 a4 43. Nf5+ Kf6 44. g7 Kf7 45. Nd6+ Kxg7
46. Nb5 Nd2+ 47. Kf4 Kf6 48. e4 Nc4 49. e5+ Ke6 50. Ke4 a3 51. Nc3 Nxe5 0-1

[Event "Tata Steel India Blitz"]
[Site "Kolkata IND"]
[Date "2019.11.26"]
[Round "12"]
[White "Carlsen, Magnus"]
[Black "Nakamura, Hikaru"]
[Result "1/2-1/2"]
[WhiteElo "2870"]
[BlackElo "2741"]
[PlyCount "40"]
[EventDate "2019.11.25"]

1. e4 e5 2. Nf3 Nc6 3. Bb5 Nf6 4. O-O Nxe4 5. Re1 Nd6 6. Nxe5 Be7 7. Bf1 Nxe5
8. Rxe5 O-O 9. d4 Ne8 10. Re1 d5 11. Bf4 Bd6 12. Be5 c6 13. c3 Bxe5 14. Rxe5
Nd6 15. Bd3 g6 16. Nd2 f6 17. Re3 Bf5 18. Nb3 b6 19. Bxf5 Nxf5 20. Re2 Qd7
1/2-1/2

[Event "Tata Steel India Blitz"]
[Site "Kolkata IND"]
[Date "2019.11.26"]
[Round "13"]
[White "Giri, Anish"]
[Black "Nepomniachtchi, Ian"]
[Result "1/2-1/2"]
[WhiteElo "2776"]
[BlackElo "2773"]
[PlyCount "50"]
[EventDate "2019.11.25"]

1. Nf3 c5 2. c4 Nc6 3. Nc3 g6 4. e3 Nf6 5. d4 cxd4 6. exd4 d5 7. cxd5 Nxd5 8.
Qb3 e6 9. Bb5 Bg7 10. O-O O-O 11. Bxc6 bxc6 12. Re1 Qc7 13. Ne4 c5 14. Nxc5
Bxd4 15. Nxd4 Qxc5 16. Nf3 Qb6 17. Qa4 Bb7 18. Ne5 Qb4 19. Qxb4 Nxb4 20. Rd1
Rfd8 21. Bg5 Rd5 22. Rxd5 Nxd5 23. Ng4 Rc8 24. Rc1 Rxc1+ 25. Bxc1 f6 1/2-1/2

[Event "Tata Steel India Blitz"]
[Site "Kolkata IND"]
[Date "2019.11.26"]
[Round "13"]
[White "Carlsen, Magnus"]
[Black "Harikrishna, Pentala"]
[Result "1-0"]
[WhiteElo "2870"]
[BlackElo "2731"]
[PlyCount "131"]
[EventDate "2019.11.25"]

1. d4 Nf6 2. c4 e6 3. Nf3 d5 4. Nc3 c5 5. e3 Nc6 6. cxd5 Nxd5 7. Bd3 Be7 8. O-O
O-O 9. Qe2 cxd4 10. exd4 Nf6 11. Rd1 b6 12. a3 Bb7 13. Bg5 Re8 14. h4 g6 15.
Rac1 Rc8 16. Bb1 Na5 17. Ne5 Nd7 18. b4 Bxg5 19. hxg5 Nb3 20. Rc2 Na1 21. Nxd7
Qxd7 22. Ne4 Bxe4 23. Rxc8 Rxc8 24. Bxe4 Nb3 25. Qe3 Qa4 26. Rb1 Nxd4 27. Qxd4
Qxa3 28. b5 Rc1+ 29. Kh2 Rxb1 30. Bxb1 Qc1 31. Qd8+ Kg7 32. Bd3 Qf4+ 33. Kg1 h6
34. gxh6+ Qxh6 35. Qd4+ Kg8 36. Bf1 Qc1 37. Qd7 Qa1 38. g3 Kg7 39. Kg2 Qa4 40.
Qd2 Qe4+ 41. Kg1 Qa4 42. Be2 Kg8 43. Kg2 Kg7 44. Qb2+ Kg8 45. Bf3 a6 46. bxa6
Qxa6 47. Bc6 Qa7 48. Qe5 Qa6 49. Qc7 Kg7 50. Kh2 Kf8 51. Qd8+ Kg7 52. Qd4+ Kg8
53. Be8 Qa7 54. Qd7 Qxd7 55. Bxd7 Kf8 56. Kg2 Ke7 57. Ba4 Kd6 58. Kf3 g5 59.
Kg4 f6 60. Kh5 Ke5 61. Kg6 g4 62. Bd7 f5 63. Kf7 Ke4 64. Kxe6 b5 65. Bxb5 Kf3
66. Kxf5 1-0